00397 2200157 4500001002100000005001500021020002300036035002000059082000800079084001400087100001400101245003600115260004500151300002800196990001500224INLIS00000000000326620251203104123 a978-623-96074-77-0 a0010-1225000087 a813 a813 TER d0 aTere Liye1 aDia Adalah Kakakku /cTere Liye aDepok :bPT. Sabak Grip Nusantara,c2024 a346 hlm ;c13,5 x 20 cm a19741/B/26